000 00639nam a2200169 i 4500
001 63817
003 ES-MaACL
005 20230906164957.0
007 t|
008 031217s1913 mx ||||1| spa d
100 1 _aFigueroa Domenech, J.
_950795
245 1 0 _aVeinte meses de anarquía
_b: segunda parte de "la revolución y sus héroes" : crónica de los sucesos políticos ocurridos en México desde julio de 1911 a febrero de 1913 /
_cJ. Figueroa Domenech.
260 _aMéxico :
_b[s.n.],
_c1913.
300 _a288 p. ;
_c20 cm.
651 _aMéxico-
_xHistoria-
_y1910-1917, Revolución armada.
_9151495
852 _aES-MaACL
_jF-3156
999 _c63817
_d63817